| 000 | 005670000a22002050004500 | ||
|---|---|---|---|
| 003 | LK-CoMWRAF | ||
| 005 | 20231213162917.0 | ||
| 008 | 230817t2005 ||||| |||| 00| 0 eng d | ||
| 020 | _a8189093770 | ||
| 040 |
_aLK-CoMWRAF _dLK-CoMWRAF _eLK-CoMWRAF |
||
| 041 | _aeng | ||
| 082 |
_a616.97 _bAHL |
||
| 100 | _aAhluwlia, V.K. | ||
| 245 |
_aHIV/ AIDS: _b transmission, prevention and alternative therapies |
||
| 260 |
_aNew Delhi: _bLotus Press, _c2005 |
||
| 300 |
_a100 p. _bBibliography included |
||
| 650 | _aAIDS (Disease) | ||
| 700 | _aAhluwlia, M. | ||
| 942 | _cBK | ||
| 999 |
_c2151 _d2151 |
||